| 000 | 01101nam a22002537a 4500 | ||
|---|---|---|---|
| 999 |
_c7088 _d7088 |
||
| 003 | AR-CdUCM | ||
| 008 | 190319b ||||| |||| 00| 0 spa d | ||
| 040 |
_aMUNICIPALIDAD PROVINCIAL DEL CUSCO _cBIBLIOTECA MUNICIPAL DEL CUSCO |
||
| 041 | _heng. | ||
| 082 |
_a510 / _bT25 |
||
| 110 |
_aNational Council of Teachers of Mathematics _919605 |
||
| 245 | _aSugerencias para resolver problemas / | ||
| 260 |
_aMéxico : _bCentro Regional de Ayuda Técnica, Agencia para el Desarrollo Internacional (AID), _c1970. |
||
| 300 |
_a83 paginas ; _bIlustraciones, _c23 cm. |
||
| 440 |
_aTemas de Matematicas _919960 |
||
| 505 | _aContenido:Algunas reflexiones sobre la solución de problemas --Proposiciones abiertas:El argumento mas útil en la solución de problemas --Solución de problemas poco frecuentes / | ||
| 650 |
_aTeorias modernas diversas _919961 |
||
| 650 |
_aMatemáticas _99398 |
||
| 650 |
_aProblemas, ejercicios _919962 |
||
| 700 |
_aFederico Velasco Coba (traductor) _919607 |
||
| 710 |
_aCentro Regional de Ayuda Técnica (Estados Unidos) _919963 |
||
| 942 |
_2ddc _cLIBROS |
||
| 945 | _arjall | ||